Derecho Penal chileno: parte especial, delitos contra el individuo en sus condiciones físicas.

Saved in:
Bibliographic Details
Main Author: Politoff Lifschitz, Sergio (autor)
Other Authors: Grisolía Cirera, Francisco, Bustos Ramírez, Juan
Format: Book
Language:Spanish
Published: Santiago, Chile Jurídica de Chile 2001
Edition:Segunda edición
Subjects:
Tags: Add Tag
No Tags, Be the first to tag this record!

MARC

LEADER 00000nam a2200000 a 4500
001 UCN4358
003 CL-VaPUC
005 20250407095227.0
008 010803e20010000CL |||||||||||||||||spa|d
999 |c 296607  |d 296605 
040 |c Pontificia Universidad Católica de Valparaíso 
082 0 4 |a 345.8302 POL 2001  |2 21 
100 |a Politoff Lifschitz, Sergio  |e autor  |9 254838 
245 1 0 |a Derecho Penal chileno: parte especial, delitos contra el individuo en sus condiciones físicas. 
250 |a Segunda edición 
260 0 3 |a Santiago, Chile  |b Jurídica de Chile  |c 2001 
300 |a 293 páginas. 
583 |a last modification  |c 20010803 00:00:00  |k Rodrigo Vera 
650 0 |a Delitos contra la vida   |9 459912 
650 7 |a DELITOS DE PELIGRO  |2 CL-VaPUC  |9 460671 
650 7 |a PARRICIDIO  |2 CL-VaPUC  |9 325762 
650 7 |a INFANTICIDIO  |2 CL-VaPUC  |9 368491 
650 7 |a HOMICIDIO CALIFICADO  |2 CL-VaPUC  |9 460672 
650 0 |a Aborto  |9 256680 
650 7 |a SUICIDIO  |2 CL-VaPUC  |9 317374 
700 0 |a Grisolía Cirera, Francisco  |9 460669 
700 |a Bustos Ramírez, Juan  |9 295262 
942 |c BK  |2 ddc 
945 |d 20010803 00:00:00  |a vberengu 
952 |0 0  |1 0  |2 ddc  |4 0  |6 345_830200000000000_POL_2001  |7 0  |8 A  |9 350546  |a BIBDER  |b BIBDER  |d 2019-11-20  |i 3739422  |o 345.8302 POL 2001  |p 3739422  |r 2023-01-25  |t 1  |w 2019-11-20  |y BK  |k DER